000 01055nac a22003257a 4500
001 BR7306303
003 BR-BrBNA
005 20240105113535.0
008 230509b bl.|||m| |||| 00| 0 por d
040 _aBR-BrBNA
_bpor
_cBiblioteca Nacional de Agricultura
072 _aE70; E30; F00
090 _a0180 BR7306303
110 1 _aEscritorio Central de Planejamento e Controle, Brasilia, DF (Brasil)
_94411
245 1 _aTrigo. Plano Integrado Vertical do Trigo. Informe preliminar. V. 3. Anexos [Brasil]
_bInforme preliminar ao 3. Congresso Nacional de Agropecuaria
260 3 _aBrasilia, DF (Brasil):
_c1969.
300 _a104 p.
490 _aCarta de Brasilia (Brazil)
_v
_x
500 _a48 illus.; 28 ref.
650 _aTRIGO
650 _aPOLITICA AGRICOLA
650 _aARMAZENAMENTO
650 _aESTOQUE
650 _aPRECO
650 _aMERCADO ATACADISTA
650 _aABASTECIMENTO
650 _aIMPORTACAO
650 _aMERCADO INTERNACIONAL
909 _a202312
_bLúcia Elande
_c55
_dLúcia Elande
942 _2AGRIS
_n0
_cMS
999 _c264321
_d264321